000
00307nam a2200133Ia 4500
008
240624s9999 xx 000 0 und d
041
_a
eng
082
_a
823 ROW
100
_a
ROWLING J K
245
_a
CASUAL VACANCY
260
_c
2012
_a
New Delhi
_b
Hachette India
300
_a
503 : p.
365
_c
RS
_b
25
999
_c
22217
_d
22217